Lesser known forms of performing arts in India (Record no. 32523)

MARC details
000 -LEADER
fixed length control field 00303nam a2200109Ia 4500
082 ## - DEWEY DECIMAL CLASSIFICATION NUMBER
Classification number 7.01(540)
Item number MUK
245 #0 - TITLE STATEMENT
Title Lesser known forms of performing arts in India
260 ## - PUBLICATION, DISTRIBUTION, ETC. (IMPRINT)
Place of publication New Delhi
Name of publisher Sterling
Year of publication 1978
700 ## - ADDED ENTRY--PERSONAL NAME
Personal name Mukhopadhyay, Durga Das
942 ## - ADDED ENTRY ELEMENTS (KOHA)
Koha item type Books
Holdings
Withdrawn status Lost status Damaged status Not for loan Home library Current library Date acquired Cost, normal purchase price Full call number Accession Number Koha item type
        RRII Library RRII Library 16/12/2021 35.00 7.01(540) MUK 13040 Books